000 00334nam a22001337a 4500
999 _c524304
_d524304
040 _cNUST
082 _a658.45
_bFAC
100 _aFAC
_915125
245 _aFacts and Figures :
_bPlant and post harvest protection (423-2)
_cFAC
260 _bEschborn,
_c1996.
300 _a110 p. ;
_c16 cm.
500 _aPaperback.
942 _2ddc
_cBK